000 00555nam a2200217Ia 4500
003 OSt
005 20220926042200.0
006 a|||||r|||| 00| 0
007 ta
008 220923b |||||||| |||| 00| 0 eng d
037 _cGeneral Book
040 _aRTL
_cRTL
_beng
041 _2eng
_aeng
082 _aJ:1:1.2.N5, J9-;1
100 _aArakeri H R
_9156069
245 0 _aSoil management in India
260 _c1959
650 _aAgriculture
_927
942 _hJ:1:1.2.N5, J9-;1
_cGB
_2CC
999 _c669073
_d669073